000
00312nam a2200133Ia 4500
005
20251222141942.0
008
251222s9999||||xx |||||||||||||| ||spa||
020
_a
968-23-2224-3
082
_a
303.44/S29
100
_a
Schaffer, Rudolph
245
0
_a
Desarrollo Social
264
_b
Siglo Veintiuno
942
_c
LIB
999
_c
9378
_d
9378